00712cam a2200181 a 450000100100000000500170001000800410002704000180006808200180008610000360010424500890014026000580022930000320028765000410031991000340036095201210039499900150051500000257120200929150221.0990702s1999 mx a 000 0 spa  aDO-SdBNPcDLC a808.81bA696a1 aArias de la Canal, Fredo.9809610aAntología cósmica de Daniel Gutiérrez Pedreiro /cpor Fredo Arias de la Canal. aMéxico :bFrente de Afirmación Hispanista,c1999. axv, 153 p. :bil. ;c23 cm. 4aPoesía mexicanaxColecciones98097 aCatalogación por copia / LC 001052708MOaGRbGRcHDd2009-07-03iLF1l0o808.81 A696ap2571-10r2020-06-25w2020-06-25y2ZPréstamo interno c2407d2407